Quiz de Barbados - Statistics

Estatísticas Gerais
  • Esse quiz foi jogado 528 vezes
  • A pontuação média é 7 de 12
Estatísticas das Respostas
Dica Resposta % Correto
Língua oficial Inglês
94%
Moeda oficial Dólar
83%
Cantora pop internacional de Barbados Rihanna
77%
Barbados é a ilha mais ao leste deste arquipélago Pequenas {Antilhas}
68%
Esporte mais popular Críquete
65%
Arma retratada na bandeira Tridente
64%
Indústria que responde por cerca de 35% do PIB de Barbados Turismo
61%
Capital Bridgetown
59%
Império que reivindicou a ilha entre 1536 até 1625 Portugal
54%
Principal safra comercial de Barbados durante a época colonial Açúcar
46%
Paróquia onde a capital está Saint {Michael}
19%
Crioulo usado no Barbados Crioulo {bajan}
18%
Nenhum quiz correspondente encontrado
Distribuição das Pontuações
Porcentagem de Pessoas com Cada Pontuação
Percentil de Números Respondidos
Sua Pontuação Histórica
Você não jogou esse quiz